| 000 | 00000nas 2200000zi 4500 |
| 001 | 9.898979 |
| 003 | CaOODSP |
| 005 | 20250107144056 |
| 006 | m o d f |
| 007 | cr ||||||||||| |
| 008 | 210421c19979999onc u m o f0###a0eng|d |
| 022 | |a1705-9658 |
| 040 | |aCaOODSP|beng|erda|cCaOODSP |
| 043 | |an-cn--- |
| 086 | 1 |aCS13-605E-PDF |
| 222 | 0|aLatest developments in the Canadian economic accounts |
| 245 | 00|aLatest developments in the Canadian economic accounts. |
| 264 | 1|a[Ottawa] : |bStatistics Canada = Statistique Canada, |c1997- |
| 310 | |aAnnual |
| 336 | |atext|2rdacontent |
| 337 | |acomputer|2rdamedia |
| 338 | |aonline resource|2rdacarrier |
| 362 | 1 |aBegan with 1997001, December 12, 1997, in HTML only; from 2008001, May 30, 2008, in HTML and PDF. |
| 500 | |aIssued also in French under title: Les nouveautés en matière de comptes économiques canadiens. |
| 588 | |aDescription based on: 2008001, May 30, 2008. |
| 588 | |aLatest issue consulted: 2021001, March 15, 2021. |
| 650 | 0|aNational income|zCanada|xAccounting|vStatistics|vPeriodicals. |
| 650 | 0|aGross national product|zCanada|vStatistics|vPeriodicals. |
| 650 | 0|aFlow of funds|zCanada|vStatistics|vPeriodicals. |
| 650 | 0|aFinance|zCanada|vStatistics|vPeriodicals. |
| 655 | 7|aStatistics|2lcgft |
| 655 | 7|aPeriodicals|2lcgft |
| 710 | 2 |aStatistics Canada. |
| 775 | 08|tLes nouveautés en matière de comptes économiques canadiens.|w(CaOODSP)9.898985 |